000 00801nam a22002297a 4500
999 _c2762
_d2762
003 AR-CdUCM
008 190305b ||||| |||| 00| 0 spa d
040 _aMUNICIPALIDAD PROVINCIAL DEL CUSCO
_cBIBLIOTECA MUNICIPAL DEL CUSCO
041 _heng.
082 _a335.4 /
_bK57
100 _aKrirkpatrick, Jeane J.
_99634
245 _aLa estrategia del engaño /
260 _aMéxico :
_bEdit.Limusa-Willey,
_c1964.
300 _a544 paginas ;
_c18 cm.
505 _aContenido :La política del engaño --Reflexiones sobre teoría y practica --La vanguardia en busca de las masas --El caso de clases trabajadoras ...
650 _aPolítica
_9291
650 _aPoder
_94273
650 _aDemocracia
_92598
700 _aAndres M. Mateo ( traductor)
_99635
942 _2ddc
_cLIBROS
945 _arjall